| 000 | 00839pab a2200181 454500 | ||
|---|---|---|---|
| 008 | 180718b2004 xxu||||| |||| 00| 0 eng d | ||
| 100 | _aEngineer, Asghar Ali | ||
| 245 | _aMinorities and elections: what are the options? | ||
| 260 | _c2004 | ||
| 300 | _ap.1378-379. | ||
| 362 | _a27 Mar | ||
| 520 | _aThe BJP can hardly gain anything by inducting a few Muslim faces into the party fold. After all, it stood by Narendra Modi when his government was involved in the butchery of helpless Muslims in Gujarat in 2002. No Muslim can be convinced that the BJP has given up its `Hindutva' agenda and they will not run the risk of voting it to power. - Reproduced. | ||
| 650 | _aMinority groups - India - Gujarat | ||
| 650 | _aElections - India - Gujarat | ||
| 650 | _aElections | ||
| 773 | _aEconomic and Political Weekly | ||
| 909 | _a60088 | ||
| 999 |
_c60088 _d60088 |
||